Qui a marqué 100 buts ou + en club depuis 2016 - Statistiques

Statistiques générales
  • Ce quiz a été pris 466 fois
  • Le résultat moyen est 12 sur 28
Statistiques - réponses
Hint Réponse % Correct
226 Messi
100%
202 Ronaldo
99%
183 Mbappé
95%
266 Lewandowski
90%
148 Benzema
83%
111 Neymar
83%
146 Suarez
70%
171 Salah
63%
138 Cavani
59%
111 Mané
58%
177 Kane
57%
125 Aguero
51%
119 Griezmann
51%
143 Lukaku
40%
158 Aubameyang
34%
175 Immobile
28%
107 Lacazette
26%
111 Son
25%
133 Ben Yedder
22%
116 Sterling
15%
110 Icardi
12%
109 Vardy
12%
114 Werner
9%
125 Dzeko
7%
111 Aspas
6%
110 Mertens
6%
106 Moreno
6%
100 Zapata
1%
Aucun quiz correspondant
Distribution des résultats
% des personnes avec chaque résultat
Percentile par nombre de réponses
Votre historique - résultats
Vous n’avez pas pris ce quiz